Trồng và thưởng thức lan nghệ thuật
Kaydedildi:
| Yazar: | |
|---|---|
| Materyal Türü: | Kitap |
| Dil: | Undetermined |
| Baskı/Yayın Bilgisi: |
Đà Nẵng
Đà Nẵng
2003
|
| Konular: | |
| Etiketler: |
Etiketle
Etiket eklenmemiş, İlk siz ekleyin!
|
| Thư viện lưu trữ: | Trung tâm Học liệu Trường Đại học Cần Thơ |
|---|
| LEADER | 00567nam a2200193Ia 4500 | ||
|---|---|---|---|
| 001 | CTU_58886 | ||
| 008 | 210402s9999 xx 000 0 und d | ||
| 020 | |b 45000 | ||
| 082 | |a 635.9344 | ||
| 082 | |b L431 | ||
| 100 | |a Lưu Chấn Long | ||
| 245 | 0 | |a Trồng và thưởng thức lan nghệ thuật | |
| 245 | 0 | |c Lưu Chấn Long; SaiGonBook biên dịch | |
| 260 | |a Đà Nẵng | ||
| 260 | |b Đà Nẵng | ||
| 260 | |c 2003 | ||
| 650 | |a floriculture,orchids | ||
| 904 | |i Minh | ||
| 980 | |a Trung tâm Học liệu Trường Đại học Cần Thơ | ||